[Event "MR"]
[Site "Rzeszow"]
[Date "2017.11.07"]
[Round "1.1"]
[White "Ziemniak, Piotr"]
[Black "Marszalek, Maciej"]
[Result "0-1"]
[LiveChessVersion "1.4.8"]
[BlackElo "2297"]
[WhiteElo "1810"]

1. e4 {[%clk 1:30:53]} c5 {[%clk 1:30:56]} 2. Nf3 {[%clk 1:31:20]} e6
{[%clk 1:31:22]} 3. d4 {[%clk 1:31:47]} cxd4 {[%clk 1:31:37]} 4. Nxd4
{[%clk 1:32:12]} a6 {[%clk 1:32:02]} 5. Bd3 {[%clk 1:31:46]} Qc7 {[%clk 1:32:19]}
6. O-O {[%clk 1:31:47]} Nf6 {[%clk 1:32:42]} 7. Nc3 {[%clk 1:31:40]} Nc6
{[%clk 1:33:05]} 8. Nxc6 {[%clk 1:29:40]} dxc6 {[%clk 1:33:30]} 9. a4
{[%clk 1:28:47]} e5 {[%clk 1:33:45]} 10. h3 {[%clk 1:28:14]} Be6 {[%clk 1:33:40]}
11. Ne2 {[%clk 1:25:48]} Bc5 {[%clk 1:33:43]} 12. Qe1 {[%clk 1:23:17]} Rd8
{[%clk 1:29:09]} 13. Kh1 {[%clk 1:21:17]} Qc8 {[%clk 1:28:23]} 14. f4
{[%clk 1:14:37]} Bd6 {[%clk 1:19:01]} 15. f5 {[%clk 1:13:00]} Bd7
{[%clk 1:19:30]} 16. Bg5 {[%clk 1:12:02]} Be7 {[%clk 1:18:36]} 17. Qg3
{[%clk 1:03:06]} Qc7 {[%clk 1:18:34]} 18. a5 {[%clk 0:57:30]} Kf8
{[%clk 1:12:35]} 19. Nc3 {[%clk 0:48:09]} h6 {[%clk 1:03:12]} 20. Be3
{[%clk 0:47:25]} c5 {[%clk 1:03:32]} 21. Qf2 {[%clk 0:46:06]} Kg8
{[%clk 1:03:27]} 22. Nd5 {[%clk 0:34:42]} Nxd5 {[%clk 1:03:47]} 23. exd5
{[%clk 0:35:07]} Qd6 {[%clk 1:03:38]} 24. c4 {[%clk 0:33:14]} Rc8
{[%clk 1:02:01]} 25. Be4 {[%clk 0:29:43]} Bg5 {[%clk 1:00:18]} 26. Bxg5
{[%clk 0:23:10]} hxg5 {[%clk 1:00:45]} 27. f6 {[%clk 0:23:29]} Rh4
{[%clk 1:00:15]} 28. fxg7 {[%clk 0:22:44]} Rf4 {[%clk 1:00:16]} 29. Qc2
{[%clk 0:21:23]} Qf6 {[%clk 0:59:29]} 30. Kg1 {[%clk 0:20:32]} Kxg7
{[%clk 0:59:48]} 31. Qc3 {[%clk 0:16:23]} Rh8 {[%clk 0:56:18]} 32. Rxf4
{[%clk 0:13:33]} Qxf4 {[%clk 0:54:11]} 33. Qf3 {[%clk 0:13:24]} f5
{[%clk 0:54:22]} 34. Qxf4 {[%clk 0:13:00]} gxf4 {[%clk 0:54:46]} 35. Bc2
{[%clk 0:10:48]} e4 {[%clk 0:54:44]} 36. Ba4 {[%clk 0:10:30]} Bxa4
{[%clk 0:54:06]} 37. Rxa4 {[%clk 0:10:56]} Kf6 {[%clk 0:54:07]} 38. b4
{[%clk 0:11:00]} Rc8 {[%clk 0:54:26]} 39. b5 {[%clk 0:06:06]} axb5
{[%clk 0:54:30]} 40. cxb5 {[%clk 0:06:28]} c4 {[%clk 0:54:59]} 41. a6
{[%clk 0:05:11]} bxa6 {[%clk 0:55:16]} 42. Rxa6+ {[%clk 0:04:12]} Ke5
{[%clk 0:55:44]} 43. d6 {[%clk 0:04:14]} Ke6 {[%clk 0:54:49]} 44. b6
{[%clk 0:02:58]} Rb8 {[%clk 0:54:29]} 45. Kf2 {[%clk 0:02:07]} Kxd6
{[%clk 0:54:33]} 46. Ke2 {[%clk 0:01:01]} Kc6 {[%clk 0:53:12]} 47. Ra5
{[%clk 0:00:40]} Rf8 {[%clk 0:52:46]} 48. b7 {[%clk 0:00:50]} Kxb7
{[%clk 0:53:13]} 49. Rc5 {[%clk 0:01:14]} Rg8 {[%clk 0:52:44]} 50. Rxf5
{[%clk 0:01:04]} Rxg2+ {[%clk 0:53:09]} 51. Kf1 {[%clk 0:01:26]} f3
{[%clk 0:52:45]} 52. h4 {[%clk 0:00:48]} c3 {[%clk 0:53:05]} 0-1

[Event "MR"]
[Site "Rzeszow"]
[Date "2017.11.07"]
[Round "1.2"]
[White "Pulik, Krzysztof"]
[Black "Augustyn, Jan"]
[Result "1-0"]
[LiveChessVersion "1.4.8"]
[BlackElo "1787"]
[WhiteElo "2135"]

1. e4 {[%clk 1:30:57]} d5 {[%clk 1:27:33]} 2. Nc3 {[%clk 1:31:02]} d4
{[%clk 1:26:56]} 3. Nce2 {[%clk 1:31:26]} Nc6 {[%clk 1:26:50]} 4. Ng3
{[%clk 1:30:50]} e5 {[%clk 1:26:57]} 5. Bc4 {[%clk 1:30:51]} Nf6 {[%clk 1:26:36]}
6. Nf3 {[%clk 1:29:11]} h6 {[%clk 1:23:52]} 7. O-O {[%clk 1:27:30]} Bd6
{[%clk 1:20:52]} 8. a4 {[%clk 1:25:38]} Bg4 {[%clk 1:16:12]} 9. h3
{[%clk 1:23:17]} Bd7 {[%clk 1:11:18]} 10. d3 {[%clk 1:21:24]} g5 {[%clk 1:04:43]}
11. Nh2 {[%clk 1:21:12]} Ne7 {[%clk 1:02:12]} 12. c3 {[%clk 1:13:11]} Ng6
{[%clk 1:01:59]} 13. Qb3 {[%clk 1:10:39]} O-O {[%clk 0:58:27]} 14. Nf5
{[%clk 1:07:00]} Bxf5 {[%clk 0:54:21]} 15. exf5 {[%clk 1:07:23]} Nh4
{[%clk 0:52:51]} 16. Ng4 {[%clk 1:06:06]} Nxf5 {[%clk 0:49:45]} 17. Qxb7
{[%clk 1:05:55]} Nxg4 {[%clk 0:46:03]} 18. hxg4 {[%clk 1:06:13]} Nh4
{[%clk 0:45:33]} 19. Qe4 {[%clk 1:03:57]} Qf6 {[%clk 0:44:39]} 20. g3
{[%clk 1:04:06]} Ng6 {[%clk 0:43:37]} 21. Kg2 {[%clk 1:04:09]} Kg7
{[%clk 0:41:12]} 22. Bd2 {[%clk 1:01:25]} Rab8 {[%clk 0:36:35]} 23. b3
{[%clk 1:00:52]} c5 {[%clk 0:32:49]} 24. Rh1 {[%clk 0:59:54]} Ne7
{[%clk 0:27:59]} 25. Rh5 {[%clk 0:52:40]} Qg6 {[%clk 0:27:33]} 26. Qxg6+
{[%clk 0:46:02]} fxg6 {[%clk 0:24:42]} 27. Rh2 {[%clk 0:46:11]} Rh8
{[%clk 0:19:29]} 28. cxd4 {[%clk 0:43:23]} cxd4 {[%clk 0:16:23]} 29. Re1
{[%clk 0:40:31]} Nc6 {[%clk 0:11:23]} 30. Re2 {[%clk 0:37:32]} Kf6
{[%clk 0:06:37]} 31. f4 {[%clk 0:35:55]} gxf4 {[%clk 0:05:44]} 32. gxf4
{[%clk 0:36:18]} g5 {[%clk 0:04:02]} 33. fxg5+ {[%clk 0:34:09]} hxg5
{[%clk 0:04:05]} 34. Rf2+ {[%clk 0:34:25]} Kg6 {[%clk 0:02:59]} 35. Bf7+
{[%clk 0:31:26]} Kg7 {[%clk 0:03:18]} 36. Rxh8 {[%clk 0:31:50]} Rxh8
{[%clk 0:02:49]} 37. Bxg5 {[%clk 0:32:01]} Be7 {[%clk 0:02:38]} 38. Bd2
{[%clk 0:30:57]} Rf8 {[%clk 0:01:15]} 39. Bd5 {[%clk 0:29:37]} Nb4
{[%clk 0:01:14]} 40. Rxf8 {[%clk 0:29:54]} Bxf8 {[%clk 0:01:31]} 41. Bc4
{[%clk 0:30:18]} Kg6 {[%clk 0:01:40]} 42. Kf3 {[%clk 0:30:42]} Bd6
{[%clk 0:00:34]} 43. Ke4 {[%clk 0:30:55]} a5 {[%clk 0:00:36]} 44. Be6
{[%clk 0:30:48]} Kf6 {[%clk 0:00:54]} 45. Bf5 {[%clk 0:30:42]} Bc7
{[%clk 0:00:49]} 46. g5+ {[%clk 0:30:01]} Kg7 {[%clk 0:00:40]} 47. Be1
{[%clk 0:30:13]} Nc2 {[%clk 0:00:40]} 48. Bg3 {[%clk 0:30:03]} Kf7
{[%clk 0:00:32]} 49. Bxe5 {[%clk 0:29:55]} Bxe5 {[%clk 0:00:33]} 50. Kxe5
{[%clk 0:30:17]} Kg7 {[%clk 0:00:36]} 51. Kd5 {[%clk 0:30:29]} Ne3+
{[%clk 0:00:57]} 52. Ke5 {[%clk 0:30:45]} Nc2 {[%clk 0:01:02]} 53. Be4
{[%clk 0:30:48]} Kf7 {[%clk 0:00:50]} 54. Kd5 {[%clk 0:31:10]} Ke7
{[%clk 0:01:01]} 55. Kc5 {[%clk 0:30:54]} Ke6 {[%clk 0:01:08]} 56. Kb5
{[%clk 0:31:03]} Na1 {[%clk 0:00:56]} 57. Kxa5 {[%clk 0:31:20]} Nxb3+
{[%clk 0:01:16]} 58. Kb5 {[%clk 0:30:10]} Ke5 {[%clk 0:00:57]} 59. g6
{[%clk 0:30:13]} Kf6 {[%clk 0:00:57]} 60. Kc4 {[%clk 0:30:28]} Nd2+
{[%clk 0:00:36]} 61. Kxd4 {[%clk 0:30:52]} 1-0

[Event "MR"]
[Site "Rzeszow"]
[Date "2017.11.07"]
[Round "1.3"]
[White "Lesniak, Mateusz"]
[Black "Wozniak, Maciej"]
[Result "0-1"]
[LiveChessVersion "1.4.8"]
[BlackElo "2045"]
[WhiteElo "1543"]

1. d4 Nf6 {[%clk 1:26:59]} 2. c4 {[%clk 1:27:44]} g6 {[%clk 1:27:19]} 3. Nf3
{[%clk 1:28:06]} Bg7 {[%clk 1:27:34]} 4. Nc3 {[%clk 1:28:08]} d5 {[%clk 1:27:37]}
5. cxd5 {[%clk 1:27:25]} Nxd5 {[%clk 1:27:58]} 6. g3 {[%clk 1:27:47]} Nb6
{[%clk 1:28:13]} 7. Bg2 {[%clk 1:27:17]} Nc6 {[%clk 1:28:23]} 8. e3
{[%clk 1:27:20]} O-O {[%clk 1:27:48]} 9. O-O {[%clk 1:27:26]} Re8
{[%clk 1:26:14]} 10. a3 {[%clk 1:24:12]} a5 {[%clk 1:17:45]} 11. d5
{[%clk 1:11:40]} Ne5 {[%clk 1:17:03]} 12. Nd4 {[%clk 1:11:59]} a4
{[%clk 1:14:01]} 13. Ndb5 {[%clk 0:53:53]} Bd7 {[%clk 1:00:40]} 14. Rb1
{[%clk 0:47:37]} c6 {[%clk 0:54:40]} 15. dxc6 {[%clk 0:39:45]} Bxc6
{[%clk 0:54:54]} 16. Bxc6 {[%clk 0:37:53]} bxc6 {[%clk 0:51:08]} 17. Nd4
{[%clk 0:34:51]} c5 {[%clk 0:49:42]} 18. Ndb5 {[%clk 0:34:42]} Qxd1
{[%clk 0:48:50]} 19. Rxd1 {[%clk 0:34:34]} Red8 {[%clk 0:40:28]} 20. b4
{[%clk 0:30:33]} axb3 {[%clk 0:33:22]} 21. Rxd8+ {[%clk 0:26:49]} Rxd8
{[%clk 0:31:30]} 22. Rxb3 {[%clk 0:27:13]} Nec4 {[%clk 0:28:49]} 23. Kg2
{[%clk 0:24:22]} Rd3 {[%clk 0:28:37]} 24. Kf3 {[%clk 0:14:14]} Na5
{[%clk 0:25:51]} 25. Ke2 {[%clk 0:14:40]} c4 {[%clk 0:25:53]} 26. Rb1
{[%clk 0:14:25]} Bxc3 {[%clk 0:25:53]} 27. Nxc3 {[%clk 0:14:47]} Rxc3
{[%clk 0:26:06]} 28. Rxb6 {[%clk 0:15:15]} Rxc1 {[%clk 0:26:20]} 29. Ra6
{[%clk 0:15:22]} Nb3 {[%clk 0:26:21]} 30. Ra5 Nxa5 0-1

[Event "MR"]
[Site "Rzeszow"]
[Date "2017.11.07"]
[Round "1.4"]
[White "Wozniak, Marcin"]
[Black "Kielb, Miroslaw"]
[Result "1-0"]
[LiveChessVersion "1.4.8"]
[BlackElo "1378"]
[WhiteElo "1886"]

1. e4 {[%clk 1:30:47]} e5 {[%clk 1:30:58]} 2. Nf3 {[%clk 1:29:35]} Nc6
{[%clk 1:31:21]} 3. Nc3 {[%clk 1:29:44]} Nf6 {[%clk 1:29:25]} 4. Nxe5
{[%clk 1:29:35]} Nxe5 {[%clk 1:29:24]} 5. d4 {[%clk 1:25:46]} Nc6
{[%clk 1:24:38]} 6. d5 {[%clk 1:24:22]} Ne5 {[%clk 1:23:29]} 7. f4
{[%clk 1:24:06]} Ng6 {[%clk 1:22:29]} 8. e5 {[%clk 1:24:14]} Qe7 {[%clk 1:20:35]}
9. Qe2 {[%clk 1:07:31]} Ng8 {[%clk 1:16:35]} 10. d6 {[%clk 1:03:05]} cxd6
{[%clk 1:11:38]} 11. Nd5 {[%clk 1:02:44]} Qd8 {[%clk 1:07:16]} 12. exd6+
{[%clk 1:02:48]} Be7 {[%clk 1:06:19]} 13. Nc7+ {[%clk 1:02:18]} Kf8
{[%clk 1:06:25]} 14. dxe7+ {[%clk 1:02:07]} N8xe7 {[%clk 1:04:41]} 15. Nxa8
{[%clk 0:57:48]} d5 {[%clk 1:03:24]} 16. Qb5 {[%clk 0:53:56]} b6 {[%clk 0:58:10]}
17. Bd3 {[%clk 0:42:44]} Bd7 {[%clk 0:55:56]} 18. Qb4 {[%clk 0:42:27]} Qxa8
{[%clk 0:54:40]} 19. O-O {[%clk 0:38:16]} f5 {[%clk 0:46:12]} 20. Qd6
{[%clk 0:35:19]} Qb7 {[%clk 0:42:15]} 21. b3 {[%clk 0:30:17]} h5 {[%clk 0:38:06]}
22. Ba3 {[%clk 0:29:22]} h4 {[%clk 0:29:21]} 23. Qxg6 {[%clk 0:28:27]} Rh6
{[%clk 0:27:28]} 24. Bxe7+ {[%clk 0:28:46]} Kg8 {[%clk 0:27:14]} 25. Qg5
{[%clk 0:29:06]} d4 {[%clk 0:25:29]} 26. Bc4+ {[%clk 0:24:53]} Kh8
{[%clk 0:24:14]} 27. Bf8 {[%clk 0:24:12]} Bc6 {[%clk 0:24:00]} 28. Rfe1
{[%clk 0:22:28]} Be4 {[%clk 0:22:22]} 29. Bd3 {[%clk 0:20:41]} Qf7
{[%clk 0:20:20]} 30. Qxg7+ {[%clk 0:21:03]} Qxg7 {[%clk 0:20:41]} 31. Bxg7+
{[%clk 0:21:26]} Kxg7 {[%clk 0:21:04]} 32. Bxe4 {[%clk 0:21:51]} fxe4
{[%clk 0:21:27]} 33. Rxe4 {[%clk 0:22:16]} Rc6 {[%clk 0:21:12]} 34. Re2
{[%clk 0:22:27]} Rf6 {[%clk 0:21:09]} 35. g3 {[%clk 0:22:50]} hxg3
{[%clk 0:21:08]} 36. hxg3 {[%clk 0:23:13]} Kg6 {[%clk 0:21:20]} 37. Rd1
{[%clk 0:23:29]} Rd6 {[%clk 0:21:38]} 38. Re4 {[%clk 0:23:43]} Rc6
{[%clk 0:21:31]} 39. Rd2 {[%clk 0:24:03]} Rc3 {[%clk 0:21:44]} 40. Kg2
{[%clk 0:24:26]} Kf5 {[%clk 0:21:48]} 41. Re5+ {[%clk 0:24:47]} Kf6
{[%clk 0:22:02]} 42. Rd5 {[%clk 0:25:10]} Rc6 {[%clk 0:21:29]} 43. R5xd4
{[%clk 0:25:33]} Ke6 {[%clk 0:21:35]} 44. g4 {[%clk 0:25:57]} b5 {[%clk 0:21:50]}
45. Rd6+ {[%clk 0:25:57]} Rxd6 {[%clk 0:22:13]} 46. Rxd6+ {[%clk 0:26:23]} Kxd6
{[%clk 0:22:39]} 47. Kf3 {[%clk 0:26:46]} a5 {[%clk 0:22:59]} 48. g5
{[%clk 0:27:11]} a4 {[%clk 0:23:17]} 49. g6 {[%clk 0:27:35]} axb3
{[%clk 0:23:35]} 50. axb3 {[%clk 0:27:58]} Ke6 {[%clk 0:23:54]} 51. f5+
{[%clk 0:28:22]} Kf6 {[%clk 0:24:15]} 52. c4 {[%clk 0:28:44]} bxc4
{[%clk 0:24:30]} 53. bxc4 {[%clk 0:29:09]} Kg7 {[%clk 0:24:43]} 54. c5
{[%clk 0:29:31]} Kf6 {[%clk 0:25:03]} 55. c6 {[%clk 0:29:55]} Ke7
{[%clk 0:25:26]} 56. g7 {[%clk 0:30:19]} Kf7 {[%clk 0:25:51]} 57. f6
{[%clk 0:30:43]} Kg8 {[%clk 0:26:01]} 58. c7 {[%clk 0:30:54]} Kf7
{[%clk 0:26:23]} 59. Kf4 {[%clk 0:30:52]} Kxf6 {[%clk 0:26:37]} 60. c8=Q
{[%clk 0:31:05]} Kxg7 {[%clk 0:26:57]} 61. Qe6 {[%clk 0:31:26]} Kf8
{[%clk 0:26:58]} 62. Qd7 {[%clk 0:31:48]} Kg8 {[%clk 0:27:22]} 63. Kf5
{[%clk 0:32:12]} Kf8 {[%clk 0:27:39]} 64. Kg6 {[%clk 0:32:34]} Kg8
{[%clk 0:28:01]} 65. Qg7# {[%clk 0:32:59]} 1-0

[Event "MR"]
[Site "Rzeszow"]
[Date "2017.11.08"]
[Round "2.1"]
[White "Marszalek, Maciej"]
[Black "Wozniak, Marcin"]
[Result "1-0"]
[LiveChessVersion "1.4.8"]
[BlackElo "1886"]
[WhiteElo "2297"]

1. d4 {[%clk 1:30:56]} Nf6 {[%clk 1:30:48]} 2. Nf3 {[%clk 1:31:19]} e6
{[%clk 1:30:43]} 3. c4 {[%clk 1:31:30]} b6 {[%clk 1:30:26]} 4. g3
{[%clk 1:30:26]} Ba6 {[%clk 1:28:36]} 5. Qa4 {[%clk 1:28:46]} Bb7
{[%clk 1:27:57]} 6. Bg2 {[%clk 1:29:08]} c5 {[%clk 1:25:03]} 7. dxc5
{[%clk 1:28:42]} Bxc5 {[%clk 1:20:49]} 8. O-O {[%clk 1:28:11]} O-O
{[%clk 1:15:51]} 9. Nc3 {[%clk 1:28:02]} Ne4 {[%clk 1:06:48]} 10. Nxe4
{[%clk 1:24:43]} Bxe4 {[%clk 1:07:09]} 11. Bf4 {[%clk 1:23:31]} Nc6
{[%clk 1:00:58]} 12. a3 {[%clk 1:20:27]} a5 {[%clk 0:47:02]} 13. Rad1
{[%clk 1:12:57]} Qe7 {[%clk 0:47:09]} 14. Ne1 {[%clk 0:54:50]} Bxg2
{[%clk 0:46:42]} 15. Nxg2 {[%clk 0:55:02]} Rfd8 {[%clk 0:41:04]} 16. Rd2
{[%clk 0:55:02]} Rac8 {[%clk 0:40:11]} 17. Be3 {[%clk 0:33:57]} Ne5
{[%clk 0:35:42]} 18. Rfd1 {[%clk 0:28:01]} Rc7 {[%clk 0:12:19]} 19. Bf4
{[%clk 0:25:32]} f6 {[%clk 0:12:13]} 20. Bxe5 {[%clk 0:25:27]} fxe5
{[%clk 0:12:38]} 21. e3 {[%clk 0:25:53]} Qf7 {[%clk 0:09:22]} 22. Qb3
{[%clk 0:24:47]} Qf3 {[%clk 0:08:53]} 23. Qb5 {[%clk 0:24:11]} Rf8
{[%clk 0:07:43]} 24. Ne1 {[%clk 0:21:43]} Qf6 {[%clk 0:05:26]} 25. Nd3
{[%clk 0:20:38]} e4 {[%clk 0:05:47]} 26. Nf4 {[%clk 0:12:36]} g5 {[%clk 0:04:56]}
27. Ng2 {[%clk 0:13:03]} d5 {[%clk 0:02:09]} 28. cxd5 {[%clk 0:13:14]} exd5
{[%clk 0:02:09]} 29. b4 {[%clk 0:13:42]} axb4 {[%clk 0:02:09]} 30. axb4
{[%clk 0:14:11]} Qc3 {[%clk 0:01:01]} 31. bxc5 {[%clk 0:14:14]} Rxc5
{[%clk 0:01:16]} 32. Qb2 {[%clk 0:14:33]} Qa5 {[%clk 0:01:26]} 33. h4
{[%clk 0:14:43]} h6 {[%clk 0:01:51]} 34. hxg5 {[%clk 0:15:04]} hxg5
{[%clk 0:02:17]} 35. Qe5 {[%clk 0:15:25]} d4 {[%clk 0:00:52]} 36. Qxe4
{[%clk 0:15:36]} Rc1 {[%clk 0:00:34]} 37. Qxd4 {[%clk 0:15:39]} Rxd1+
{[%clk 0:00:41]} 38. Rxd1 {[%clk 0:16:07]} 1-0

[Event "MR"]
[Site "Rzeszow"]
[Date "2017.11.08"]
[Round "2.2"]
[White "Wozniak, Maciej"]
[Black "Pulik, Krzysztof"]
[Result "0-1"]
[LiveChessVersion "1.4.8"]
[BlackElo "2135"]
[WhiteElo "2045"]

1. e4 {[%clk 1:30:24]} e6 {[%clk 1:30:55]} 2. d4 {[%clk 1:30:47]} d5
{[%clk 1:31:20]} 3. Nd2 {[%clk 1:30:47]} Nf6 {[%clk 1:31:43]} 4. e5
{[%clk 1:31:10]} Nfd7 {[%clk 1:32:07]} 5. Bd3 {[%clk 1:31:22]} c5
{[%clk 1:32:31]} 6. c3 {[%clk 1:31:35]} Nc6 {[%clk 1:32:57]} 7. Ne2
{[%clk 1:31:52]} cxd4 {[%clk 1:32:44]} 8. cxd4 {[%clk 1:32:14]} f6
{[%clk 1:32:05]} 9. Nf4 {[%clk 1:28:54]} Nxd4 {[%clk 1:32:27]} 10. Qh5+
{[%clk 1:28:55]} Ke7 {[%clk 1:32:52]} 11. exf6+ {[%clk 1:29:08]} Nxf6
{[%clk 1:32:50]} 12. Ng6+ {[%clk 1:29:31]} hxg6 {[%clk 1:33:14]} 13. Qxh8
{[%clk 1:29:50]} Kf7 {[%clk 1:33:38]} 14. O-O {[%clk 1:29:55]} e5
{[%clk 1:34:05]} 15. Nb3 {[%clk 1:29:42]} Nxb3 {[%clk 1:34:28]} 16. axb3
{[%clk 1:30:06]} Bf5 {[%clk 1:34:34]} 17. Bxf5 {[%clk 1:30:28]} gxf5
{[%clk 1:34:59]} 18. Bg5 {[%clk 1:30:28]} Bc5 {[%clk 1:35:21]} 19. Qh3
{[%clk 1:30:32]} g6 {[%clk 1:35:27]} 20. b4 {[%clk 1:29:20]} Bb6 {[%clk 1:35:52]}
21. Qb3 {[%clk 1:29:16]} Qd6 {[%clk 1:35:44]} 22. Be3 {[%clk 1:29:02]} Rd8
{[%clk 1:36:37]} 23. Rfc1 {[%clk 1:29:17]} Kg7 {[%clk 1:28:07]} 24. Bc5
{[%clk 1:28:53]} Qd7 {[%clk 1:18:54]} 25. Bxb6 {[%clk 0:46:46]} axb6
{[%clk 1:19:18]} 26. Qc3 {[%clk 0:47:08]} Qe7 {[%clk 1:07:47]} 27. Qc7
{[%clk 0:42:21]} Rd7 {[%clk 1:07:52]} 28. Qxb6 {[%clk 0:42:30]} d4
{[%clk 1:07:44]} 29. Qc5 {[%clk 0:41:43]} d3 {[%clk 0:53:15]} 30. h4
{[%clk 0:21:35]} e4 {[%clk 0:47:23]} 31. g3 {[%clk 0:20:49]} Nd5 {[%clk 0:39:08]}
32. Qd4+ {[%clk 0:19:10]} Nf6 {[%clk 0:39:17]} 33. Qc3 {[%clk 0:19:03]} e3
{[%clk 0:36:35]} 34. fxe3 {[%clk 0:16:29]} Qxe3+ {[%clk 0:36:57]} 35. Kg2
{[%clk 0:15:37]} Qe2+ {[%clk 0:35:23]} 36. Kg1 {[%clk 0:13:55]} d2
{[%clk 0:34:00]} 37. Rd1 {[%clk 0:13:56]} f4 {[%clk 0:34:13]} 38. gxf4
{[%clk 0:11:18]} Rd3 {[%clk 0:33:17]} 39. Qc7+ {[%clk 0:11:21]} Kh6
{[%clk 0:33:39]} 40. f5 {[%clk 0:10:40]} Qg4+ {[%clk 0:33:49]} 41. Kh1
{[%clk 0:08:25]} Rh3+ {[%clk 0:34:11]} 42. Qh2 {[%clk 0:08:51]} Qf3+
{[%clk 0:34:30]} 43. Kg1 {[%clk 0:09:13]} Rxh2 {[%clk 0:34:54]} 44. Kxh2
{[%clk 0:09:31]} Ng4+ {[%clk 0:35:20]} 0-1

[Event "MR"]
[Site "Rzeszow"]
[Date "2017.11.08"]
[Round "2.3"]
[White "Swigon, Tomasz"]
[Black "Ziemniak, Piotr"]
[Result "1-0"]
[WhiteElo "1837"]
[BlackElo "1810"]
[Annotator "Szachy"]
[PlyCount "51"]
[EventDate "2017.??.??"]
[TimeControl "6000+875"]
[WhiteClock "1:06:00"]
[BlackClock "0:26:41"]

1. e4 c5 2. Nc3 d6 3. f4 Nc6 4. Nf3 Nf6 5. Bb5 Bd7 6. Bc4 Na5 7. Bxf7+ Kxf7 8.
e5 dxe5 9. fxe5 Bg4 10. exf6 Bxf3 11. Qxf3 exf6 12. O-O Nc6 13. d3 Kg8 14. Bf4
Rc8 15. Rae1 Qd7 16. Nb5 Nd4 17. Nxd4 Qxd4+ 18. Kh1 Qd7 19. Qe4 h5 20. h4 b5
21. Rf3 Qg4 22. Kg1 Qd7 23. Rfe3 c4 24. d4 Bb4 25. c3 Ba5 26. Qg6 1-0

[Event "MR"]
[Site "Rzeszow"]
[Date "2017.11.08"]
[Round "2.5"]
[White "Kielb, Miroslaw"]
[Black "Lesniak, Mateusz"]
[Result "1/2-1/2"]
[LiveChessVersion "1.4.8"]
[BlackElo "1543"]
[WhiteElo "1378"]

1. e4 {[%clk 1:30:58]} c5 {[%clk 1:29:45]} 2. Nf3 {[%clk 1:31:15]} e6
{[%clk 1:30:06]} 3. d4 {[%clk 1:30:24]} cxd4 {[%clk 1:30:28]} 4. Nxd4
{[%clk 1:30:47]} Nc6 {[%clk 1:30:52]} 5. Be3 {[%clk 1:27:37]} Nf6
{[%clk 1:27:54]} 6. Bd3 {[%clk 1:25:51]} g6 {[%clk 1:25:57]} 7. O-O
{[%clk 1:25:16]} Bg7 {[%clk 1:26:21]} 8. Nc3 {[%clk 1:22:14]} d5 {[%clk 1:22:27]}
9. exd5 {[%clk 1:20:06]} Nxd5 {[%clk 1:22:47]} 10. Nxc6 {[%clk 1:20:06]} bxc6
{[%clk 1:22:30]} 11. Nxd5 {[%clk 1:19:26]} cxd5 {[%clk 1:22:53]} 12. c3
{[%clk 1:11:41]} O-O {[%clk 1:22:44]} 13. Qd2 {[%clk 1:08:40]} a5
{[%clk 1:22:29]} 14. Bh6 {[%clk 1:08:04]} Ba6 {[%clk 1:22:33]} 15. Bxg7
{[%clk 1:06:05]} Kxg7 {[%clk 1:22:22]} 16. Bxa6 {[%clk 1:06:05]} Rxa6
{[%clk 1:22:46]} 17. Qd4+ {[%clk 1:06:08]} Qf6 {[%clk 1:22:40]} 18. f4
{[%clk 1:05:30]} Rb8 {[%clk 1:22:59]} 19. Qxf6+ {[%clk 1:04:47]} Kxf6
{[%clk 1:23:17]} 20. b3 {[%clk 1:04:59]} Rc6 {[%clk 1:22:39]} 21. Rf3
{[%clk 1:04:08]} Rbc8 {[%clk 1:22:20]} 22. Rc1 {[%clk 1:04:10]} a4
{[%clk 1:21:22]} 23. Kf2 {[%clk 1:03:15]} axb3 {[%clk 1:21:36]} 24. axb3
{[%clk 1:03:35]} Rb8 {[%clk 1:20:39]} 25. Rb1 {[%clk 1:02:13]} Rcb6
{[%clk 1:20:59]} 26. b4 {[%clk 1:02:17]} Rc6 {[%clk 1:21:16]} 27. Ke2
{[%clk 1:01:44]} Rc4 {[%clk 1:21:32]} 28. g3 {[%clk 1:00:26]} d4 {[%clk 1:21:33]}
29. cxd4 {[%clk 0:59:37]} Rbxb4 {[%clk 1:21:56]} 30. Rxb4 {[%clk 0:59:34]} Rxb4
{[%clk 1:22:20]} 31. Kd3 {[%clk 0:57:26]} Kf5 {[%clk 1:15:36]} 32. h3
{[%clk 0:55:46]} h5 {[%clk 1:14:39]} 33. Re3 {[%clk 0:54:41]} f6 {[%clk 1:12:13]}
34. Kc3 {[%clk 0:51:43]} Ra4 {[%clk 1:12:33]} 35. Kd3 {[%clk 0:51:57]} Ra6
{[%clk 1:09:46]} 36. Rf3 {[%clk 0:50:26]} Ra1 {[%clk 1:06:42]} 37. Re3
{[%clk 0:46:26]} Rh1 {[%clk 0:55:40]} 38. h4 {[%clk 0:45:01]} Ra1
{[%clk 0:56:04]} 39. Kc4 {[%clk 0:43:54]} Ra4+ {[%clk 0:54:34]} 40. Kc5
{[%clk 0:40:21]} Ra1 {[%clk 0:48:59]} 41. Kd6 {[%clk 0:39:21]} Ra5
{[%clk 0:49:12]} 42. Ke7 {[%clk 0:39:06]} e5 {[%clk 0:49:02]} 43. fxe5
{[%clk 0:37:13]} fxe5 {[%clk 0:49:00]} 44. Rxe5+ {[%clk 0:36:42]} Rxe5+
{[%clk 0:49:05]} 45. dxe5 {[%clk 0:37:05]} Kxe5 {[%clk 0:49:06]} 46. Kf7
{[%clk 0:36:19]} Kf5 {[%clk 0:49:32]} 47. Kg7 {[%clk 0:36:24]} g5
{[%clk 0:49:56]} 48. hxg5 {[%clk 0:36:40]} Kxg5 {[%clk 0:50:02]} 49. Kh7
{[%clk 0:36:46]} Kg4 {[%clk 0:50:04]} 50. Kh6 {[%clk 0:37:05]} Kxg3
{[%clk 0:50:27]} 51. Kxh5 {[%clk 0:37:27]} 1/2-1/2